000 01093nam a22003257a 4500
005 20110727160748.0
008 110727t xxu||||| |||| 00| 0 eng d
010 _aENG-103168
020 _a9780071077477
_c535.00
020 _a0071077472
_c535.00
035 _aEN-86701
037 _bDBAD / PUB
040 _adpl
_bEnglish
082 _a657
100 _929868
_aLibby, Robert
245 _aFinancial accounting /
_cby Robert Libby, Patricia A. Libby [and] Daniel G. Short
250 _a6th ed
260 _aNew Delhi
_bTata McGraw Hill
_c2011
270 _a7, West Patel Nagar
_bNew Delhi
_e110008
300 _aVarious pagings :
_c29cm (pbk)
_bill.
500 _aIncludes indexes
650 _929869
_aAccounting.
650 _aCorporations
_930230
_xAccounting.
650 _aFinancial statements.
_930231
651 _91549
700 _929871
_aLibby, Patricia A.
700 _aShort, Daniel G.
_930232
942 _2ddc
_cEN
_mLIB
_h657
999 _c54486
_d54486